000 01289nam a2200277 a 4500
003 BLK
005 20240910100739.0
008 210308b bu |||||r|||| 00| 0 bu d
020 _a9786190105701
040 _aBLK
041 _aBUL
_cBUL
080 _aСоциокултурни аспекти на личността. Социализация на личността
_b316.61
_z316.61
080 _aИндивидуална психология. Психология на личността. Индивидуалност. Психология на характера. Характерология. Психологическа типология
_b159.923
_z159.923
100 _9442681
_aМаринова, Севда Александрова
139 _aМаринова, Севда Александрова
_bМ 31
245 _aСамотата
_cСевда Маринова
260 _9210881
_aСофия
_bИзток-Запад
_c2020
300 _a240 с.
_c22 см
380 _a3
504 _aБиблиогр.: с. 237-239
650 7 _9165385
_aОтчуждение [социол.]
650 0 _9243160
_aЛичност - психология
852 _aЦб 306808
_bЦб
942 _cKNG
_n0
_02
944 _aCR
_c2021-03-08
_k30531
_lЦветелина Шанова
999 _c400185
_d400185